Khatam Quran Taraweeh (ختمِ قرآن تراویح) / (Record no. 612652)
[ view plain ]
| 000 -LEADER | |
|---|---|
| fixed length control field | 00364nam a22001337a 4500 |
| 003 - CONTROL NUMBER IDENTIFIER | |
| control field | NUST |
| 005 - DATE AND TIME OF LATEST TRANSACTION | |
| control field | 20250114131357.0 |
| 082 ## - DEWEY DECIMAL CLASSIFICATION NUMBER | |
| Classification number | 297.01,BAS |
| 245 ## - TITLE STATEMENT | |
| Title | Khatam Quran Taraweeh (ختمِ قرآن تراویح) / |
| Statement of responsibility, etc. | Hakeem Syed Abdul Basit |
| 260 ## - PUBLICATION, DISTRIBUTION, ETC. | |
| Place of publication, distribution, etc. | Galin Publication |
| Name of publisher, distributor, etc. | Karachi |
| 300 ## - PHYSICAL DESCRIPTION | |
| Extent | 159 p |
| 650 ## - SUBJECT ADDED ENTRY--TOPICAL TERM | |
| Topical term or geographic name entry element | Khatam Quran Taraweeh |
| 9 (RLIN) | 127567 |
| 942 ## - ADDED ENTRY ELEMENTS (KOHA) | |
| Source of classification or shelving scheme | |
| Koha item type | Book |
| Withdrawn status | Lost status | Source of classification or shelving scheme | Damaged status | Not for loan | Permanent Location | Current Location | Shelving location | Date acquired | Total Checkouts | Full call number | Barcode | Date last seen | Price effective from | Koha item type |
|---|---|---|---|---|---|---|---|---|---|---|---|---|---|---|
| Military College of Signals (MCS) | Military College of Signals (MCS) | General Stacks | 01/14/2025 | 297.01,BAS | MCS38875 | 01/14/2025 | 01/14/2025 | Book | ||||||
| Military College of Signals (MCS) | Military College of Signals (MCS) | General Stacks | 01/14/2025 | 297.01,BAS | MCS38876 | 01/14/2025 | 01/14/2025 | Book |
